Historical Figures by Browser History Quiz Stats

 Plays Quiz Updated Aug 13, 2018

Score 0/14 Timer 07:00
6 Plays Today
% Correct
Leonardo da Vinci
95.2%
Julius Caesar
94.6%
Abraham Lincoln
93.3%
Napoléon Bonaparte
87.7%
Ludwig van Beethoven
85.6%
Marie Curie
82.1%
Benjamin Franklin
81.8%
% Correct
Amelia Earhart
78.1%
William Shakespeare
77.8%
Vincent van Gogh
72.6%
Galileo Galilei
71.8%
Frida Kahlo
60.7%
Mary Shelley
57.4%
Jane Goodall
54.2%

You're not logged in!

Compare scores with friends on all Sporcle quizzes.
OR
Log In

Sporcle TV

Today on Sporcle TV


Watch our educational content, quiz creation guides, and fun videos on Sporcle TV.

Show Comments

Extras

Top Quizzes Today


Score Distribution

Your Account Isn't Verified!

In order to create a playlist on Sporcle, you need to verify the email address you used during registration. Go to your Sporcle Settings to finish the process.

Report this User

Report this user for behavior that violates our Community Guidelines.

Details: